Alle Clash of Clans Gebäude - Statistiken

Allgemein
  • Dieses Quiz wurde 115 mal gespielt
  • Das Durchschnittsergebnis liegt bei 20 aus 47
Antwortstatistiken
Art Antwort % Korrekt
Verteidigung Kanone
94%
Verteidigung X-Bogen
91%
Verteidigung Bogenschützenturm
87%
Falle Bombe
87%
Verteidigung Infernoturm
81%
Ressourcen Goldmine
79%
Verteidigung Magierturm
73%
Armee Armeelager
69%
Armee Dunkle Kaserne
69%
Armee Kaserne
69%
Falle Sprungfalle
69%
Ressourcen Goldlager
66%
Verteidigung Minenwerfer
66%
Armee Fabrik für dunkle Zauber
61%
Falle Suchende Luftmine
59%
Ressourcen Bohrer für dunkles Elixier
56%
Falle Luftbombe
56%
Verteidigung Verborgener Tesla
56%
Falle Riesenbombe
54%
Verteidigung Bombenturm
51%
Verteidigung Mauer
51%
Verteidigung Luftabwehr
47%
Armee Labor
46%
Ressourcen Elixiersammler
43%
Verteidigung Streukatapult
40%
Falle Tornadofalle
39%
Armee Zauberfabrik
39%
Falle Skelettfalle
36%
Verteidigung Luftfeger
33%
Sonstiges Bauhütte
31%
Verteidigung Monolith
31%
Verteidigung Zauberturm
30%
Ressourcen Clanburg
21%
Armee Altar der Bogenschützenkönigin
16%
Armee Begleiterhaus
16%
Armee Werkstatt
14%
Ressourcen Elixirlager
13%
Verteidigung Adleratilerie
10%
Verteidigung Gigatesla
9%
Verteidigung Rathhaus
7%
Armee Altar der Königlichen Gladiatorin
6%
Armee Altar des Barbarenkönigs
6%
Armee Altar des Großen Wächters
3%
Ressourcen Lager für dunkles Elixr
3%
Falle Frostfalle
1%
Falle Schrumpffalle
1%
Sonstiges Meisterbauarbeiter Hütte
0%
Keine übereinstimmenden Quizze gefunden
Verteilung der Resultate
Anzahl Personen mit jedem Resultat
Perzentil nach korrekt beantworteten Fragen
Ihre Resultats-Entwicklung
Sie haben dieses Quiz noch nicht gespielt